La organización científica del trabajo / (Record no. 113722)

MARC details
000 -LEADER
campo de control de longitud fija 00620nam a2200205 4500
001 - NÚMERO DE CONTROL
campo de control 113722
003 - IDENTIFICADOR DE NÚMERO DE CONTROL
campo de control ES-MaACL
007 - CAMPO FIJO DE DESCRIPCIÓN FÍSICA--INFORMACIÓN GENERAL
campo de control de longitud fija t|
008 - DATOS DE LONGITUD FIJA--INFORMACIÓN GENERAL
campo de control de longitud fija 061121s1953 sp r ||||1| spa d
100 1# - ENTRADA PRINCIPAL--NOMBRE DE PERSONA
Nombre de persona Palewski, Jean-Paul.
9 (RLIN) 88557
245 13 - MENCIÓN DEL TÍTULO
Título La organización científica del trabajo /
Mención de responsabilidad, etc. Juan Pablo Palewski ; versión española de Domingo Ventalló.
250 ## - MENCION DE EDICION
Mención de edición 1ª ed. española.
260 ## - PUBLICACIÓN, DISTRIBUCIÓN, ETC.
Lugar de publicación, distribución, etc. Barcelona [etc.] :
Nombre del editor, distribuidor, etc. Salvat,
Fecha de publicación, distribución, etc. 1953.
300 ## - DESCRIPCIÓN FÍSICA
Extensión 148 p. ;
Dimensiones 17 cm.
490 1# - MENCIÓN DE SERIE
Mención de serie Surco
700 1# - ENTRADA AGREGADA--NOMBRE PERSONAL
Nombre de persona Ventalló, Domingo.
9 (RLIN) 113895
830 0# - PUNTO DE ACCESO ADICIONAL DE SERIE-TÍTULO UNIFORME
Título uniforme Surco
9 (RLIN) 181374
852 ## - LOCALIZACIÓN
Ubicación ES-MaACL
Número de control de estantería C-6365
Sublocalización o colección R.35128
Holdings
Estatus retirado Estado de pérdida Estado de daño No para préstamo Biblioteca de origen Biblioteca actual Ubicación en estantería Fecha de adquisición Fuente de adquisición Total de préstamos Signatura topográfica completa Código de barras Visto por última vez Precio de reemplazo Tipo de ítem Koha
        Biblioteca del Ateneo de Madrid Biblioteca del Ateneo de Madrid Sala Palomar 17/01/2008     C-6365 1118603 23/02/2023 23/02/2023 Libro impreso